000 00876nam a2200241Ia 4500
003 OSt
005 20221005113017.0
006 a|||||r|||| 00| 0
007 ta
008 221004b |||||||| |||| 00| 0 pan d
020 _a9788171165414 (hbk)
_c750
024 _a104442
037 _b7830/IV/A, 31/01/2011, Arsee Publishers
_cTextual
040 _aCRL
_cCRL
_bpan
041 _2pan
_apan
082 _aO153,2N08:g, Q0
100 _aਸਤਪਾਲ ਕੌਰ
245 0 _aਸੰਤ ਸਿੰਘ ਸੇਖੋ੍ਵ ਦੇ ਨਾਟਕਾਂ ਦਾ ਆਲੋਚਨਾਤਮਕ ਅਧਿਐਨ
260 _aਦਿੱਲੀ
_bਨੈਣਨਲ ਬੁਕ ਾਪ ਭਾਰਤ
_c2010
300 _a184ਪੰ
_ccm.
942 _hO153,2N08:g, Q0
_cTEXL
_2cc
999 _c1026744
_d1026744